Política y partidos en Chile (Record no. 107313)

MARC details
000 -LEADER
campo de control de longitud fija 00568nam a2200193 4500
001 - NÚMERO DE CONTROL
campo de control 107313
003 - IDENTIFICADOR DE NÚMERO DE CONTROL
campo de control ES-MaACL
005 - FECHA Y HORA DE LA ÚLTIMA TRANSACCIÓN
campo de control 20230906184403.0
007 - CAMPO FIJO DE DESCRIPCIÓN FÍSICA--INFORMACIÓN GENERAL
campo de control de longitud fija t|
008 - DATOS DE LONGITUD FIJA--INFORMACIÓN GENERAL
campo de control de longitud fija 061121s1968 sp r ||||1| spa d
100 1# - ENTRADA PRINCIPAL--NOMBRE DE PERSONA
Nombre de persona Morodo, Raúl.
9 (RLIN) 83633
245 10 - MENCIÓN DEL TÍTULO
Título Política y partidos en Chile
Resto del título : las elecciones de 1965 /
Mención de responsabilidad, etc. Raúl Morodo.
260 ## - PUBLICACIÓN, DISTRIBUCIÓN, ETC.
Lugar de publicación, distribución, etc. Madrid :
Nombre del editor, distribuidor, etc. Taurus,
Fecha de publicación, distribución, etc. 1960 (
Fabricante Maribel)
300 ## - DESCRIPCIÓN FÍSICA
Extensión 87 p. ;
Dimensiones 18 cm.
490 1# - MENCIÓN DE SERIE
Mención de serie Cuadernos Taurus ;
Designación de volumen o secuencia 80
830 0# - PUNTO DE ACCESO ADICIONAL DE SERIE-TÍTULO UNIFORME
Título uniforme Cuadernos Taurus ;
Designación de volumen o secuencia 80
9 (RLIN) 180748
852 ## - LOCALIZACIÓN
Ubicación ES-MaACL
Número de control de estantería C-51229
Sublocalización o colección R.66604
Holdings
Estatus retirado Estado de pérdida Estado de daño No para préstamo Biblioteca de origen Biblioteca actual Ubicación en estantería Fecha de adquisición Fuente de adquisición Total de préstamos Signatura topográfica completa Código de barras Visto por última vez Precio de reemplazo Tipo de ítem Koha
        Biblioteca del Ateneo de Madrid Biblioteca del Ateneo de Madrid Depósito 2 17/01/2008     C-51229 1112002 23/02/2023 23/02/2023 Libro impreso